| 000 | 01339cam a22004214i 4500 | ||
|---|---|---|---|
| 003 | PE-LiUPU | ||
| 005 | 20250731172857.0 | ||
| 008 | 161010s1969 r 000 0 spa d | ||
| 035 | _a(Sirsi) a164093 | ||
| 040 |
_aPE-LiUPU _bspa _cPE-LiUPU _erda |
||
| 082 | 0 | 4 |
_a248.4 _bA27 _220 |
| 100 | 1 |
_aAeschumann Hernández, Carlos, _eautor. |
|
| 245 |
_aSalvemos el hogar / _cCarlos Aeschumann Hernández, David G. y Poyato. |
||
| 246 | 1 | 1 | _aSalvemos a los hijos |
| 264 |
_a[México], _c1969. |
||
| 300 |
_a296 páginas ; _c20 centímetros. |
||
| 505 | 0 | _aSalvemos el hogar -- Salvemos a los hijos. | |
| 526 | _aSEG42 | ||
| 526 | _aSEG41 | ||
| 526 | _aSEG40 | ||
| 526 | _aSEG39 | ||
| 526 | _aP94 | ||
| 526 | _aP87 | ||
| 526 | _aP86 | ||
| 526 | _aP85 | ||
| 526 | _aP77 | ||
| 526 | _aP76 | ||
| 526 | _aP35 | ||
| 650 | 0 | 4 | _aFamilia cristiana. |
| 650 | 0 | 4 | _aEducación religiosa. |
| 650 | 0 | 4 |
_aFamilia _x Vida religiosa. |
| 910 |
_ajck _bebj _cebj _d20161010 |
||
| 264 | 1 | _a**REQUIRED FIELD** | |
| 596 | _a1 | ||
| 942 |
_2ddc _cBOOK |
||
| 999 |
_a248.4 A27 _wDEWEY _c12948 _i74956 _d12948 _e2018-11-5 _f2021-11-11 _g5 _lCCODEBUL1 _mBUL _n1 _r0 _sY _tBOOK _u2016-10-10 _xTEOLOGIA _PP35 _0COMPRA _o.STAFF. Colección Teología |
||
| 980 |
_81 _gALBERTO SANCHEZ Responsable de Automatización |
||